000 00510nam a2200181 4500
005 20260513125244.0
010 _aENG-144433
020 _a9789357316187
_c499.00
035 _aEN-127965
037 _bDBAD
082 _aN
100 _aRoy, Shampa
245 _aStroke of Death/
_cShampa Roy
260 _aGurugram
_bHachette Books Publishing
_c2024
270 _a4th and 5th Floor, Corporate Centre, Plot No.-94, Sector 44,
_bGurugram
_e122003
300 _a266p.
_c20cm(pb)
942 _2ddc
_cEN
_hN
_mROY
999 _c210677
_d210677